000 00987nam a22003614a 4500
001 ESSALUD
005 20260504144433.0
007 ta
008 t2025 sp gr 00| 0 spa d
020 _a978-84-10022-90-4
040 _aESSALUD
041 _aspa
043 _csp
082 _a616
_bM28/2025
100 _aMansoor, André M.
_eautor
245 _aMedicina interna: enfoque basado en problemas
250 _a2 ed.
260 _aBarcelona :
_bWolters Kluwer,
_c2025
300 _a866 páginas
650 _aMEDICINA INTERNA
_97281
650 _aCARDIOLOGÍA
_911301
650 _aENDOCRINOLOGÍA
_936891
650 _aGASTROENTEROLOGÍA
_912562
650 _aNEFROLOGÍA
_913133
650 _aNEUROLOGÍA
650 _aNEUMOLOGÍA
_925628
650 _aREUMATOLOGÍA
_97490
650 _aVASCULITIS SISTÉMICA
_935012
650 _aARTRITIS
_936710
653 _aHEPATOLOGÍA
653 _aENFERMEDADES INFECCIOSAS
942 _cBK
_e2026-04-30
_zAFC
999 _c22389
_d22389